[Event "Benidorm Bali op-A 21st"]
[Site "Benidorm"]
[Date "2024.11.29"]
[Round "1"]
[White "Wirig, Anthony"]
[Black "Shah, Jeet"]
[Result "1/2-1/2"]
[WhiteElo "2427"]
[BlackElo "2052"]
[PlyCount "95"]
[EventDate "2024.11.29"]
[EventType "swiss"]
[EventRounds "9"]
[EventCountry "ESP"]
[SourceTitle "CB50_2024"]
[SourceDate "2024.11.01"]
[SourceVersion "1"]
[SourceVersionDate "2024.11.01"]
[SourceQuality "2"]

1. d4 d5 2. Nf3 Nf6 3. c4 e6 4. Nc3 Nbd7 5. cxd5 exd5 6. Bf4 c6 7. e3 Be7 8. Bd3 Nf8 9. h3 Ng6 10. Bg3 0-0 11. Qc2 Bd6 12. Ne5 Re8 13. f4 c5 14. 0-0 c4 15. Be2 Bb4 16. Be1 Bxc3 17. bxc3 Ne4 18. Bf3 Nxe5 19. dxe5 f5 20. Rd1 Qb6 21. Rd4 Be6 22. Bxe4 dxe4 23. Bh4 Qc5 24. Rfd1 b5 25. Qf2 a5 26. Qg3 b4 27. Bf6 g6 28. Qh4 Qc7 29. Qh6 Qf7 30. Rd6 b3 31. a4 Rab8 32. Kh2 Rb7 33. Bd8 b2 34. Rb1 Qf8 35. Qxf8+ Kxf8 36. Bxa5 Rb3 37. Rb6 Ra8 38. Bb4+ Kf7 39. a5 Ra7 40. Kg3 Bd5 41. Kf2 Rb7 42. e6+ Ke8 43. Rxb7 Bxb7 44. Bd6 Bd5 45. e7 Bb7 46. Ke2 Rb5 47. Ba3 Rxa5 48. Bxb2 1/2-1/2

[Event "Wch U20 61st"]
[Site "Gandhinagar"]
[Date "2024.06.12"]
[Round "10"]
[White "Shah, Jeet"]
[Black "Oluka, Robert Mcligeyo"]
[Result "1/2-1/2"]
[WhiteElo "1946"]
[BlackElo "2050"]
[PlyCount "38"]
[EventDate "2024.06.02"]
[EventType "swiss"]
[EventRounds "11"]
[EventCountry "IND"]
[SourceTitle "CBM 220 Extra"]
[Source "ChessBase"]
[SourceDate "2024.07.31"]
[SourceVersion "1"]
[SourceVersionDate "2024.07.31"]
[SourceQuality "1"]

1. e4 e6 2. d4 d5 3. Nc3 Be7 4. Nf3 Nf6 5. Bd3 c5 6. exd5 exd5 7. dxc5 0-0 8. 0-0 Nbd7 9. Bg5 Nxc5 10. Re1 Be6 11. Nd4 h6 12. Bh4 Qb6 13. Rb1 Bd8 14. Bg3 Rc8 15. Bf5 Bc7 16. Bh4 Bd8 17. Bg3 Bc7 18. Bh4 Bd8 19. g3 Rc7 1/2-1/2

[Event "Wch U20 61st"]
[Site "Gandhinagar"]
[Date "2024.06.06"]
[Round "5"]
[White "Radojicic, Aleksandar M"]
[Black "Shah, Jeet"]
[Result "1/2-1/2"]
[WhiteElo "2088"]
[BlackElo "1946"]
[PlyCount "109"]
[EventDate "2024.06.02"]
[EventType "swiss"]
[EventRounds "11"]
[EventCountry "IND"]
[SourceTitle "CBM 220 Extra"]
[Source "ChessBase"]
[SourceDate "2024.07.31"]
[SourceVersion "1"]
[SourceVersionDate "2024.07.31"]
[SourceQuality "1"]

1. d4 d5 2. c4 e6 3. Nc3 Nf6 4. cxd5 exd5 5. Bg5 Nbd7 6. e3 Bb4 7. Bd3 0-0 8. Nge2 c6 9. 0-0 h6 10. Bh4 Re8 11. Qc2 Be7 12. f3 Nf8 13. Rad1 Be6 14. Kh1 Rc8 15. Bf2 Qa5 16. Qb1 b5 17. Nf4 b4 18. Nce2 Red8 19. Nxe6 Nxe6 20. Bf5 c5 21. dxc5 Bxc5 22. Bh4 Be7 23. Nf4 Rc6 24. Bxe6 fxe6 25. Ng6 Qc7 26. Rc1 Rc4 27. e4 Bd6 28. Rfd1 dxe4 29. fxe4 Nxe4 30. Rxc4 Qxc4 31. b3 Qe2 32. Re1 Nf2+ 33. Kg1 Nh3+ 34. Kh1 Nf2+ 35. Kg1 Nh3+ 36. Kh1 Nf2+ 37. Bxf2 Qxf2 38. Rxe6 Qf7 39. Re1 Re8 40. Nh4 Rxe1+ 41. Qxe1 a5 42. Nf3 Qd5 43. Qd2 Qxd2 44. Nxd2 Kf7 45. Nc4 Bc7 46. Kg1 Ke6 47. Kf2 Kd5 48. Ke3 a4 49. h3 axb3 50. axb3 Bh2 51. Kd3 Bg1 52. Nd2 Bf2 53. Ne4 Bd4 54. Nd2 Bg1 55. Nf3 1/2-1/2

[Event "Wch U20 61st"]
[Site "Gandhinagar"]
[Date "2024.06.02"]
[Round "1"]
[White "Fecker, Noah"]
[Black "Shah, Jeet"]
[Result "1/2-1/2"]
[WhiteElo "2390"]
[BlackElo "1946"]
[PlyCount "42"]
[EventDate "2024.06.02"]
[EventType "swiss"]
[EventRounds "11"]
[EventCountry "IND"]
[SourceTitle "CBM 220 Extra"]
[Source "ChessBase"]
[SourceDate "2024.07.31"]
[SourceVersion "1"]
[SourceVersionDate "2024.07.31"]
[SourceQuality "1"]

1. e4 e5 2. Nf3 Nc6 3. Bb5 a6 4. Ba4 Nge7 5. Nc3 Ng6 6. d4 exd4 7. Nxd4 Nxd4 8. Qxd4 b5 9. Bb3 Bb7 10. Qd3 Bd6 11. 0-0 0-0 12. f4 Qh4 13. Bd5 Bxd5 14. Nxd5 c6 15. g3 Qd8 16. Ne3 Bc5 17. Kg2 d5 18. exd5 Re8 19. Bd2 Ne7 20. Rad1 Bxe3 21. Bxe3 Nxd5 1/2-1/2

[Event "Bhubaneswar op-A 14th"]
[Site "Bhubaneswar"]
[Date "2023.06.14"]
[Round "5"]
[White "Mirzoev, Azer"]
[Black "Shah, Jeet"]
[Result "1-0"]
[WhiteElo "2416"]
[BlackElo "1988"]
[PlyCount "83"]
[EventDate "2023.06.11"]
[EventType "swiss"]
[EventRounds "10"]
[EventCountry "IND"]
[SourceTitle "CBM 214 Extra"]
[Source "ChessBase"]
[SourceDate "2023.07.31"]
[SourceVersion "1"]
[SourceVersionDate "2023.07.31"]
[SourceQuality "1"]

1. Nf3 Nf6 2. c4 e6 3. Nc3 d5 4. d4 Be7 5. Bf4 c6 6. e3 Nbd7 7. a3 Nh5 8. Be5 f6 9. Bg3 Nxg3 10. hxg3 0-0 11. Qc2 f5 12. cxd5 exd5 13. g4 Nb6 14. Bd3 g6 15. 0-0-0 Qd6 16. Rh6 fxg4 17. Bxg6 Bf5 18. Qxf5 Rxf5 19. Bxh7+ Kg7 20. Rxd6 Rxf3 21. Re6 Rf7 22. Bd3 Rh8 23. Ne2 Bh4 24. Rg6+ Kf8 25. g3 Bd8 26. Nf4 Rh2 27. Rd2 Nd7 28. Rxg4 c5 29. Kb1 c4 30. Bc2 Nf6 31. Rg6 Ke7 32. g4 b5 33. g5 Ng4 34. Nxd5+ Kd7 35. Rg8 Ba5 36. g6 Rh1+ 37. Rd1 Rxd1+ 38. Bxd1 Rxf2 39. Bxg4+ Kd6 40. g7 Rg2 41. Rd8+ Bxd8 42. g8Q 1-0

[Event "Bikaner op 1st"]
[Site "Bikaner"]
[Date "2022.10.01"]
[Round "1"]
[White "Anuj, Shrivatri"]
[Black "Shah, Jeet"]
[Result "1-0"]
[WhiteElo "2407"]
[BlackElo "1923"]
[PlyCount "107"]
[EventDate "2022.10.01"]
[EventType "swiss"]
[EventRounds "10"]
[EventCountry "IND"]
[SourceTitle "CBM 210 Extra"]
[Source "ChessBase"]
[SourceDate "2022.11.30"]
[SourceVersion "1"]
[SourceVersionDate "2022.11.30"]
[SourceQuality "1"]

1. Nf3 Nf6 2. c4 e6 3. g3 b6 4. Bg2 Bb7 5. 0-0 Be7 6. d4 0-0 7. Nc3 Ne4 8. Qc2 Nxc3 9. Qxc3 d6 10. Qd3 f5 11. Qe3 Qc8 12. b4 Bf6 13. Bb2 Re8 14. Rac1 Nd7 15. Qb3 Kh8 16. Rfd1 Rb8 17. e3 e5 18. dxe5 Nxe5 19. Nxe5 Bxe5 20. Bd5 a5 21. Bxe5 Rxe5 22. bxa5 Ba6 23. axb6 Rxb6 24. Qc3 Qe8 25. c5 Rb8 26. cxd6 cxd6 27. Bf3 Rc5 28. Qa3 Qc8 29. h4 h6 30. h5 Bb7 31. Bxb7 Rxb7 32. Rxc5 dxc5 33. Qd3 c4 34. Qd8+ Qxd8 35. Rxd8+ Kh7 36. Rc8 g6 37. hxg6+ Kxg6 38. Rxc4 Rb1+ 39. Kg2 Ra1 40. a4 Kf6 41. Rf4 Ke5 42. Kf3 h5 43. Ke2 Rc1 44. Kd2 Rc5 45. Kd3 Rc1 46. Kd2 Rc8 47. a5 Rb8 48. Kc3 Rc8+ 49. Kb4 Rc1 50. a6 Ra1 51. Kb5 Rb1+ 52. Rb4 Ra1 53. Kb6 Kd5 54. a7 1-0

[Event "Madurai Athens of the East op 2nd"]
[Site "Madurai"]
[Date "2022.06.30"]
[Round "4"]
[White "Avinash, Ramesh"]
[Black "Shah, Jeet"]
[Result "1/2-1/2"]
[WhiteElo "2349"]
[BlackElo "1855"]
[PlyCount "109"]
[EventDate "2022.06.28"]
[EventType "swiss"]
[EventRounds "10"]
[EventCountry "IND"]
[SourceTitle "EXT 2023"]
[Source "ChessBase"]
[SourceDate "2022.10.05"]
[SourceVersion "1"]
[SourceVersionDate "2022.10.05"]
[SourceQuality "1"]

1. d4 Nf6 2. Nf3 e6 3. Bg5 d5 4. e3 Be7 5. Nbd2 Nbd7 6. Bd3 0-0 7. c3 b6 8. Ne5 Nxe5 9. dxe5 Nd7 10. Bxe7 Qxe7 11. f4 f6 12. exf6 Rxf6 13. 0-0 e5 14. Ne4 dxe4 15. Bc4+ Rf7 16. Qd5 Rb8 17. fxe5 Nxe5 18. Rxf7 Nxf7 19. Rf1 Ba6 20. Bxa6 c6 21. Qxc6 Nd6 22. Rd1 Rd8 23. Rd4 h6 24. Be2 Kh8 25. h3 Qg5 26. Rxd6 Qxe3+ 27. Kf1 Qf4+ 28. Kg1 Rxd6 29. Qc8+ Kh7 30. Bg4 Rf6 31. Be6 Rf8 32. Qc4 e3 33. Qd3+ Kh8 34. Bg4 Qg5 35. Qe4 h5 36. Bf3 g6 37. Qd4+ Kh7 38. Qd7+ Kh6 39. Qd4 Qf4 40. Qd3 Re8 41. Qd7 e2 42. Qxe8 Qc1+ 43. Kh2 e1Q 44. Qf8+ Kg5 45. Qd8+ Kf5 46. Qf8+ Ke5 47. Qe7+ Kf5 48. Qf8+ Ke6 49. Qe8+ Kd6 50. Qd8+ Ke5 51. Qe7+ Kf5 52. Qf8+ Kg5 53. Qd8+ Kf5 54. Qf8+ Ke6 55. Qe8+ 1/2-1/2

[Event "Madurai Athens of the East op 2nd"]
[Site "Madurai"]
[Date "2022.06.29"]
[Round "3"]
[White "Shah, Jeet"]
[Black "Abdyzhapar, Asylbek"]
[Result "1/2-1/2"]
[WhiteElo "1855"]
[BlackElo "2325"]
[PlyCount "60"]
[EventDate "2022.06.28"]
[EventType "swiss"]
[EventRounds "10"]
[EventCountry "IND"]
[SourceTitle "EXT 2023"]
[Source "ChessBase"]
[SourceDate "2022.10.05"]
[SourceVersion "1"]
[SourceVersionDate "2022.10.05"]
[SourceQuality "1"]

1. e4 e5 2. Nf3 Nf6 3. Nxe5 d6 4. Nf3 Nxe4 5. Nc3 Nxc3 6. dxc3 Be7 7. Bd3 Nc6 8. Bf4 Be6 9. Qe2 Qd7 10. 0-0-0 0-0 11. h4 Bf5 12. Ng5 Rae8 13. Qf3 g6 14. Bxf5 Qxf5 15. Rd5 Ne5 16. Qg3 c6 17. Rd4 f6 18. Nf3 d5 19. Bh6 Rf7 20. h5 g5 21. Nh4 Qe6 22. f4 c5 23. Rd2 Qg4 24. Qxg4 Nxg4 25. Nf5 Bd8 26. Rxd5 Bc7 27. g3 Kh8 28. fxg5 fxg5 29. Bxg5 Re5 30. Rxe5 Bxe5 1/2-1/2

[Event "World Cup U16 Prel"]
[Site "Tornelo INT"]
[Date "2021.08.16"]
[Round "5"]
[White "Shah, Jeet"]
[Black "Gonzalez De la Guardia, Luis Emilio"]
[Result "1-0"]
[WhiteElo "1976"]
[BlackElo "1611"]
[PlyCount "51"]
[EventDate "2021.08.16"]
[EventType "swiss (rapid)"]
[EventRounds "10"]
[EventCountry "NET"]
[SourceTitle "EXT 2025"]
[Source "ChessBase"]
[SourceDate "2024.10.14"]
[SourceVersion "1"]
[SourceVersionDate "2024.10.14"]
[SourceQuality "1"]

1. e4 c5 2. Nf3 d6 3. d4 cxd4 4. Nxd4 Nf6 5. Nc3 a6 6. Bc4 e6 7. Bb3 Nbd7 8. f4 Nc5 9. f5 Be7 10. 0-0 0-0 11. Qf3 Nxb3 12. axb3 Qc7 13. g4 Rb8 14. g5 Ne8 15. Be3 b5 16. b4 Qc4 17. Qg4 Bd8 18. fxe6 Bxe6 19. Nxe6 fxe6 20. Rxf8+ Kxf8 21. Rf1+ Ke7 22. Qh5 Kd7 23. Qxh7 Be7 24. Qh3 Kd8 25. Rd1 e5 26. Nd5 1-0

[Event "World Cup U16 Prel"]
[Site "Tornelo INT"]
[Date "2021.08.16"]
[Round "7"]
[White "Shah, Jeet"]
[Black "Kusa, Jakub"]
[Result "1-0"]
[WhiteElo "1976"]
[BlackElo "2315"]
[PlyCount "77"]
[EventDate "2021.08.16"]
[EventType "swiss (rapid)"]
[EventRounds "10"]
[EventCountry "NET"]
[SourceTitle "EXT 2025"]
[Source "ChessBase"]
[SourceDate "2024.10.14"]
[SourceVersion "1"]
[SourceVersionDate "2024.10.14"]
[SourceQuality "1"]

1. e4 e5 2. Nf3 Nc6 3. Bc4 Nf6 4. d3 Be7 5. 0-0 0-0 6. Re1 d6 7. a3 Kh8 8. Nbd2 Ng8 9. b4 f5 10. exf5 Bxf5 11. b5 Na5 12. Ba2 Bg4 13. h3 Bh5 14. Be6 Bf6 15. Rb1 Nh6 16. g4 Bf7 17. Bxf7 Nxf7 18. Ne4 d5 19. Ng3 g6 20. Bb2 Qd6 21. Bc3 b6 22. Bb4 Qd7 23. Bxf8 Rxf8 24. Kg2 Nb7 25. Qd2 Nbd6 26. c4 Qe6 27. cxd5 Qxd5 28. Ne4 Bg7 29. a4 Nd8 30. Rbc1 Ne6 31. Kg3 Nxe4+ 32. Rxe4 Nc5 33. Rxc5 Qxc5 34. Qe3 Qa3 35. Nxe5 Qa1 36. Nf3 h5 37. gxh5 gxh5 38. Qg5 Kg8 39. Qxh5 1-0

[Event "Mumbai Wealth U13 op 5th"]
[Site "Mumbai"]
[Date "2019.12.30"]
[Round "1"]
[White "Shah, Jeet"]
[Black "Patil, Jaiveer"]
[Result "1-0"]
[WhiteElo "2010"]
[BlackElo "1120"]
[PlyCount "23"]
[EventDate "2019.12.30"]
[EventType "swiss"]
[EventRounds "9"]
[EventCountry "IND"]
[SourceTitle "CBM 194 Extra"]
[Source "ChessBase"]
[SourceDate "2020.03.31"]
[SourceVersion "1"]
[SourceVersionDate "2020.03.31"]
[SourceQuality "1"]

1. Nf3 c5 2. e4 d6 3. d4 cxd4 4. Nxd4 Nf6 5. Nc3 g6 6. f4 Bg7 7. e5 dxe5 8. fxe5 Nd5 9. Bb5+ Kf8 10. 0-0 Nxc3 11. Ne6+ Bxe6 12. Qxd8# 1-0

[Event "Wch U14"]
[Site "Mumbai"]
[Date "2019.10.11"]
[Round "10"]
[White "Laux, Dominik"]
[Black "Shah, Jeet"]
[Result "0-1"]
[WhiteElo "2015"]
[BlackElo "1844"]
[PlyCount "60"]
[EventDate "2019.10.02"]
[EventType "swiss"]
[EventRounds "11"]
[EventCountry "IND"]
[SourceTitle "EXT 2020"]
[Source "ChessBase"]
[SourceDate "2019.10.17"]
[SourceVersion "1"]
[SourceVersionDate "2019.10.17"]
[SourceQuality "1"]

1. d4 Nf6 2. Bg5 d5 3. e3 e6 4. Nd2 Be7 5. Bd3 Nbd7 6. f4 b6 7. Ngf3 Bb7 8. Ne5 0-0 9. 0-0 c5 10. c3 Ne4 11. Bxe7 Qxe7 12. Bxe4 dxe4 13. Qa4 Nf6 14. Rfe1 Rfd8 15. Rac1 a6 16. b4 b5 17. Qa5 c4 18. a4 Ne8 19. Ra1 f6 20. Ng4 Bc6 21. Qb6 Qd7 22. axb5 axb5 23. Qc5 Bd5 24. Ra5 Nd6 25. Qb6 Rdb8 26. Rxa8 Rxa8 27. Nf2 Nc8 28. Qc5 f5 29. g4 Ra7 30. gxf5 exf5 0-1

[Event "Wch U14"]
[Site "Mumbai"]
[Date "2019.10.09"]
[Round "8"]
[White "Flores Quillas, Diego Saul Rodrigo"]
[Black "Shah, Jeet"]
[Result "0-1"]
[WhiteElo "2164"]
[BlackElo "1844"]
[PlyCount "78"]
[EventDate "2019.10.02"]
[EventType "swiss"]
[EventRounds "11"]
[EventCountry "IND"]
[SourceTitle "EXT 2020"]
[Source "ChessBase"]
[SourceDate "2019.10.17"]
[SourceVersion "1"]
[SourceVersionDate "2019.10.17"]
[SourceQuality "1"]

1. e4 e5 2. Nf3 Nc6 3. Bb5 a6 4. Ba4 Nf6 5. 0-0 Be7 6. Re1 b5 7. Bb3 d6 8. c3 0-0 9. h3 Nb8 10. d4 Nbd7 11. Nbd2 Bb7 12. Bc2 Re8 13. Nf1 Bf8 14. Ng3 g6 15. a4 c5 16. d5 c4 17. Bg5 h6 18. Be3 Nc5 19. Qd2 h5 20. Bg5 Be7 21. Ra3 Nfd7 22. Be3 Qc7 23. Rf1 Bf6 24. Ng5 Nb6 25. axb5 axb5 26. Rxa8 Bxa8 27. h4 Qe7 28. f4 exf4 29. Rxf4 Bxg5 30. hxg5 Nxd5 31. exd5 Qxe3+ 32. Qxe3 Rxe3 33. Ne4 Re2 34. Nxc5 dxc5 35. Be4 Rxb2 36. Rf6 Re2 37. Ra6 Rxe4 38. Rxa8+ Kg7 39. Ra5 b4 0-1

[Event "Mumbai Wealth op U13 4th"]
[Site "Mumbai"]
[Date "2019.01.06"]
[Round "8"]
[White "Divya, Deshmukh"]
[Black "Shah, Jeet"]
[Result "0-1"]
[WhiteElo "2190"]
[BlackElo "1904"]
[PlyCount "76"]
[EventDate "2018.12.30"]
[EventType "swiss"]
[EventRounds "9"]
[EventCountry "IND"]
[SourceTitle "CBM 188 Extra"]
[Source "ChessBase"]
[SourceDate "2019.02.28"]
[SourceVersion "1"]
[SourceVersionDate "2019.02.28"]
[SourceQuality "1"]

1. e4 e5 2. Nc3 Nf6 3. Bc4 Nxe4 4. Qh5 Nd6 5. Bb3 Be7 6. Nf3 Nc6 7. d3 g6 8. Qg4 h5 9. Qh3 Nf5 10. g4 Nfd4 11. gxh5 Rxh5 12. Qg2 Nxb3 13. axb3 d5 14. Bd2 Be6 15. 0-0-0 Qd7 16. h4 0-0-0 17. Ng5 Nd4 18. Rde1 Nf5 19. f4 d4 20. Nce4 Bd5 21. fxe5 Nxh4 22. Qf2 Bxg5 23. Bxg5 Bxe4 24. Rxe4 Rxg5 25. Rhxh4 Rf5 26. Qg1 Qe7 27. Rxd4 Rxe5 28. Rxd8+ Qxd8 29. Rf4 Qe7 30. Qf2 Re2 31. Qxa7 Re1+ 32. Kd2 Re2+ 33. Kc3 Qe5+ 34. Rd4 c5 35. Qa8+ Kc7 36. Qa5+ Kc6 37. Qa4+ Kb6 38. Qc6+ Kxc6 0-1

[Event "Mumbai Wealth op U13 4th"]
[Site "Mumbai"]
[Date "2019.01.04"]
[Round "6"]
[White "Vivaan, Vijay Saraogi"]
[Black "Shah, Jeet"]
[Result "0-1"]
[WhiteElo "1290"]
[BlackElo "1904"]
[PlyCount "78"]
[EventDate "2018.12.30"]
[EventType "swiss"]
[EventRounds "9"]
[EventCountry "IND"]
[SourceTitle "CBM 188 Extra"]
[Source "ChessBase"]
[SourceDate "2019.02.28"]
[SourceVersion "1"]
[SourceVersionDate "2019.02.28"]
[SourceQuality "1"]

1. e4 e5 2. Nf3 Nc6 3. Bb5 a6 4. Ba4 Nf6 5. 0-0 Be7 6. Re1 b5 7. Bb3 d6 8. h3 0-0 9. c3 Nb8 10. d4 Nbd7 11. Nbd2 Bb7 12. Bc2 Re8 13. d5 c6 14. dxc6 Bxc6 15. Nf1 Bf8 16. Ng3 g6 17. Bb3 Nc5 18. Bc2 a5 19. Nh2 d5 20. Bg5 Be7 21. Bxf6 Bxf6 22. exd5 Qxd5 23. Qxd5 Bxd5 24. Ng4 Bg7 25. a3 f5 26. Nh2 e4 27. Rad1 Rad8 28. Bb1 Bb3 29. Rxd8 Rxd8 30. Nhf1 Na4 31. Ne2 Nxb2 32. Ne3 Nd3 33. Rf1 f4 34. Bxd3 exd3 35. Nxf4 d2 36. Nd1 Bc4 37. Ne6 Bxe6 38. Kh2 Bc4 39. Rg1 Be2 0-1